Modern Innovative and Information Technologies in the Development of Society

Salvato in:
Dettagli Bibliografici
Ente Autore: Katowice School of Technology
Altri autori: Ostenda, Aleksander, Nestorenko, Tetyana, Bosniuk, Valerii
Natura: Libro
Lingua:inglese
slovacco
ucraino
Pubblicazione: Katowice Wydawnictwo Wyższej Szkoły Technicznej w Katowicach 2018
Serie:Series of Monographs Faculty of Architecture, Civil Engineering and Applied Arts Katowice School of Technology. Monograph 17
Soggetti:
Tags: Aggiungi Tag
Nessun Tag, puoi essere il primo ad aggiungerne!!

MARC

LEADER 00000nlm a2200000 4500
001 0247851
005 20240827072509.1
020 |a 978-83-947093-7-2 
041 0 |a eng 
041 0 |a slo 
041 0 |a ukr 
044 |a PL 
245 1 0 |a Modern Innovative and Information Technologies in the Development of Society  |c Editors: Aleksander Ostenda, Tetyana Nestorenko 
264 1 |a Katowice  |b Wydawnictwo Wyższej Szkoły Technicznej w Katowicach  |c 2018 
300 |a online 302 s. 
490 1 |a Series of Monographs Faculty of Architecture, Civil Engineering and Applied Arts Katowice School of Technology.  |v Monograph 17 
830 0 |a Series of Monographs Faculty of Architecture, Civil Engineering and Applied Arts Katowice School of Technology.  |v Monograph 17 
610 2 0 |a technológie informačné 
610 2 0 |a rozvoj technický 
610 2 0 |a inovácie technologické 
610 2 0 |a dôsledky sociálne 
610 2 0 |a spoločnosť 
610 2 0 |a vzdelávanie celoživotné 
610 2 0 |a modely podnikateľské 
610 2 0 |a marketing 
610 2 0 |a turistika 
610 2 0 |a rozvoj hospodársky 
610 2 0 |a architektúra 
610 2 0 |a spolupráca medzinárodná 
610 2 0 |a odvetvia činnosti ekonomickej 
610 2 0 |a spoločnosť informačná 
610 2 0 |a veda 
610 2 0 |a kultúra 
610 2 0 |a história 
610 2 0 |a vzdelávanie 
610 2 0 |a psychológia 
610 2 0 |a ochrana civilná 
700 1 |a Ostenda, Aleksander 
700 1 |a Nestorenko, Tetyana 
700 1 |a Bosniuk, Valerii 
710 2 |a Katowice School of Technology